<?xml version="1.0" encoding="UTF-8"?>
<record
    xmlns:xsi="http://www.w3.org/2001/XMLSchema-instance"
    xsi:schemaLocation="http://www.loc.gov/MARC21/slim http://www.loc.gov/standards/marcxml/schema/MARC21slim.xsd"
    xmlns="http://www.loc.gov/MARC21/slim">

  <leader>00891nam a2200217 a 4500</leader>
  <controlfield tag="008">120416s2000    ||||||||||||||||| ||    u</controlfield>
  <datafield tag="020" ind1=" " ind2=" ">
    <subfield code="a">1901396126</subfield>
  </datafield>
  <datafield tag="050" ind1=" " ind2=" ">
    <subfield code="a">SB 950.95 Pes</subfield>
  </datafield>
  <datafield tag="100" ind1=" " ind2=" ">
    <subfield code="a">Tomlin, C. D. S</subfield>
  </datafield>
  <datafield tag="245" ind1="1" ind2="4">
    <subfield code="a">The pesticide manual : a world compendium. (12th ed.)</subfield>
    <subfield code="c">edited by C. D. S. Tomlin</subfield>
  </datafield>
  <datafield tag="250" ind1=" " ind2=" ">
    <subfield code="a">12th ed.</subfield>
  </datafield>
  <datafield tag="260" ind1=" " ind2=" ">
    <subfield code="a">Fanham, Surrey</subfield>
    <subfield code="b">British Crop Protection Council</subfield>
    <subfield code="c">2000</subfield>
  </datafield>
  <datafield tag="300" ind1=" " ind2=" ">
    <subfield code="a">xvi, 1250p. : ill.</subfield>
  </datafield>
  <datafield tag="350" ind1=" " ind2=" ">
    <subfield code="a">0.00</subfield>
  </datafield>
  <datafield tag="650" ind1=" " ind2=" ">
    <subfield code="a">PESTICIDES--HANDBOOKS, MANUALS, ETC</subfield>
  </datafield>
  <datafield tag="650" ind1=" " ind2="0">
    <subfield code="a">CHEMISTRY, AGRICULTURE</subfield>
  </datafield>
  <datafield tag="650" ind1=" " ind2=" ">
    <subfield code="a">PESTICIDES</subfield>
  </datafield>
  <datafield tag="710" ind1=" " ind2=" ">
    <subfield code="a">British Crop Protection Council</subfield>
  </datafield>
  <datafield tag="995" ind1=" " ind2=" ">
    <subfield code="a">REFERENCE BOOKS</subfield>
    <subfield code="D">0.00</subfield>
    <subfield code="e">735677</subfield>
    <subfield code="F">CBU-MAIN LIBRARY (Kitwe)</subfield>
    <subfield code="H">1</subfield>
    <subfield code="I">95.00</subfield>
    <subfield code="j">SB 950.95 Pes</subfield>
    <subfield code="M">1</subfield>
    <subfield code="U">REFERENCE</subfield>
    <subfield code="y">48654</subfield>
    <subfield code="Z">Reference Collection</subfield>
  </datafield>
  <datafield tag="995" ind1=" " ind2=" ">
    <subfield code="a">REFERENCE BOOKS</subfield>
    <subfield code="D">0.00</subfield>
    <subfield code="e">735678</subfield>
    <subfield code="F">CBU-MAIN LIBRARY (Kitwe)</subfield>
    <subfield code="H">2</subfield>
    <subfield code="I">95.00</subfield>
    <subfield code="j">SB 950.95 Pes</subfield>
    <subfield code="M">2</subfield>
    <subfield code="U">REFERENCE</subfield>
    <subfield code="y">48655</subfield>
    <subfield code="Z">Reference Collection</subfield>
  </datafield>
  <datafield tag="999" ind1=" " ind2=" ">
    <subfield code="c">81853</subfield>
    <subfield code="d">81853</subfield>
  </datafield>
  <datafield tag="952" ind1=" " ind2=" ">
    <subfield code="0">0</subfield>
    <subfield code="1">0</subfield>
    <subfield code="2">lcc</subfield>
    <subfield code="4">0</subfield>
    <subfield code="7">0</subfield>
    <subfield code="a">001</subfield>
    <subfield code="b">001</subfield>
    <subfield code="c">Reference Collection</subfield>
    <subfield code="d">2023-09-12</subfield>
    <subfield code="l">0</subfield>
    <subfield code="o">SB 950.95 Pes</subfield>
    <subfield code="p">48654</subfield>
    <subfield code="r">2023-09-12</subfield>
    <subfield code="t">1</subfield>
    <subfield code="w">2023-09-12</subfield>
    <subfield code="y">019</subfield>
  </datafield>
  <datafield tag="952" ind1=" " ind2=" ">
    <subfield code="0">0</subfield>
    <subfield code="1">0</subfield>
    <subfield code="2">lcc</subfield>
    <subfield code="4">0</subfield>
    <subfield code="7">0</subfield>
    <subfield code="a">001</subfield>
    <subfield code="b">001</subfield>
    <subfield code="c">Reference Collection</subfield>
    <subfield code="d">2023-09-12</subfield>
    <subfield code="l">0</subfield>
    <subfield code="o">SB 950.95 Pes</subfield>
    <subfield code="p">48655</subfield>
    <subfield code="r">2023-09-12</subfield>
    <subfield code="t">2</subfield>
    <subfield code="w">2023-09-12</subfield>
    <subfield code="y">019</subfield>
  </datafield>
</record>
